| 000 | 01638cam a22003614a 4500 | ||
|---|---|---|---|
| 001 | 11807651 | ||
| 003 | AUA.1 | ||
| 005 | 20111017103809.0 | ||
| 008 | 991012s2002 nyu b 001 0 eng | ||
| 010 | _a 99053037 | ||
| 020 | _a0820445967 (alk. paper) | ||
| 040 |
_aDLC _cDLC _dDLC |
||
| 042 | _apcc | ||
| 043 | _aa-iq--- | ||
| 050 | 0 | 0 |
_aBS1655.2 _b.S95 2002 |
| 082 | 0 | 0 |
_a224/.9706 _221 |
| 100 | 1 |
_aSykes, Seth, _d1966- _96830 |
|
| 245 | 1 | 0 |
_aTime and space in Haggai-Zechariah 1-8 : _ba Bakhtinian analysis of a prophetic chronicle / _cSeth Sykes. |
| 260 |
_aNew York : _bP. Lang, _cc2002. |
||
| 300 |
_axiv, 172 p. ; _c24 cm. |
||
| 440 | 0 |
_aStudies in biblical literature ; _vv. 24 _96831 |
|
| 504 | _aIncludes bibliographical references (p. [151]-165) and index. | ||
| 600 | 1 | 0 |
_aBakhtin, M. M. _q(Mikhail Mikhaĭlovich), _d1895-1975. _96832 |
| 630 | 0 | 0 |
_aBible. _pO.T. _pHaggai _xCriticism, interpretation, etc. _96833 |
| 630 | 0 | 0 |
_aBible. _pO.T. _pZechariah I-VIII _xCriticism, interpretation, etc. _96834 |
| 630 | 0 | 0 |
_aBible. _pO.T. _pHaggai _vComparative studies. _96835 |
| 630 | 0 | 0 |
_aBible. _pO.T. _pZechariah I-VIII _vComparative studies. _96836 |
| 651 | 0 |
_aBabylonia _xHistoriography. _96837 |
|
| 906 |
_a7 _bcbc _corignew _d1 _eocip _f19 _gy-gencatlg |
||
| 942 |
_2lcc _cBOOK |
||
| 999 |
_c1886 _d1886 |
||